000 00534nam a2200217Ia 4500
003 OSt
005 20230401092633.0
008 210423s2009 xx 000 0 und d
020 _a9780070263635
040 _cAL
041 _aeng
082 _a658.3 SAIM
_223
100 _aSAIYADAIN (Mirza S).
_981351
245 _aHuman resource management.
250 _a4
260 _aNew Delhi
_bTata McGraw-hill
_c2009
300 _axvi,551
_bPB
365 _b295
_cINR
906 _aHuman ; management. ; resource
942 _2ddc
_cBK
999 _c155349
_d155349